Catálogo

Edith Stein. (Registro nro. 68112)

Detalles MARC
000 -LEADER
fixed length control field 01365cam a2200337 i 4500
001 - CONTROL NUMBER
control field 26243
003 - CONTROL NUMBER IDENTIFIER
control field Mx-PuUPA
005 - DATE AND TIME OF LATEST TRANSACTION
control field 20191008162950.0
008 - FIXED-LENGTH DATA ELEMENTS--GENERAL INFORMATION
fixed length control field 140415s2016 gw r 000 0 ger d
020 ## - INTERNATIONAL STANDARD BOOK NUMBER
International Standard Book Number 9783451273810
040 ## - CATALOGING SOURCE
Original cataloging agency Mx-PuUPA
Language of cataloging spa
Transcribing agency Mx-PuUPA
Modifying agency Mx-PuUPA
Description conventions rda
041 0# - LANGUAGE CODE
Language code of text/sound track or separate title ger
245 00 - TITLE STATEMENT
Title Edith Stein.
Number of part/section of a work 11/12.
Name of part/section of a work Endliches und exiges sein : versuch eines aufstiegs zum sinn des seins. /
Statement of responsibility, etc. Adreas Uwe Müller, editor ; Hanna-Barbara Gerl-Falkovitz, colaborador ; Internationales Edith Stein Institut
246 31 - VARYING FORM OF TITLE
Title proper/short title Edith Stein Gesamtausgabe. ESGA
250 ## - EDITION STATEMENT
Edition statement 3., durchegesehene auflage
264 #4 - PRODUCTION, PUBLICATION, DISTRIBUTION, MANUFACTURE, AND COPYRIGHT NOTICE
Place of production, publication, distribution, manufacture Freiburg im breisgau :
Name of producer, publisher, distributor, manufacturer Verlag Herder GmbH,
Date of production, publication, distribution, manufacture, or copyright notice 2016
300 ## - PHYSICAL DESCRIPTION
Extent xlii 531 páginas ;
Dimensions 22 cm.
336 ## - CONTENT TYPE
Fuente rdacontent
Content type term texto
Content type code txt
337 ## - MEDIA TYPE
Source rdamedia
Media type term sin medio
Media type code n
338 ## - CARRIER TYPE
Source rdacarrier
Carrier type term volumen
Carrier type code nc
490 0# - SERIES STATEMENT
Series statement B. Philosophische Schriften
490 0# - SERIES STATEMENT
Series statement Abteilung 2. Phänomenologie und ontologie ;
Volume/sequential designation 3/4
501 ## - WITH NOTE
With note Con: Anhang, Martin Heideggers Existenzphilosophie ; Die Seelenburg
600 14 - SUBJECT ADDED ENTRY--PERSONAL NAME
Personal name Edith Stein, -- Santa,
Dates associated with a name 1891-1942
General subdivision Ontología
700 1# - ADDED ENTRY--PERSONAL NAME
Personal name Müller, Adreas Uwe,
Relator term editor
700 1# - ADDED ENTRY--PERSONAL NAME
Personal name Gerl-Falkovitz, Hanna-Barbara,
Relator term colaborador
710 2# - ADDED ENTRY--CORPORATE NAME
Corporate name or jurisdiction name as entry element Internationales Edith Stein Institut
942 ## - ADDED ENTRY ELEMENTS (KOHA)
Source of classification or shelving scheme Dewey Decimal Classification
Koha item type Libro
Classification part 271.971022
Item part E234
Existencias
Withdrawn status Lost status Source of classification or shelving scheme Damaged status Not for loan Collection code Home library Current library Shelving location Date acquired Source of acquisition Serial Enumeration / chronology Total Checkouts Full call number Barcode Date last seen Date last checked out Price effective from Koha item type
    Dewey Decimal Classification   Consulta en sala Magisterial Biblioteca Karol Wojtyla Biblioteca Karol Wojtyla Sala general 03/12/2013 Compra v.11/12 1 271.971022 E234 2016 48911 05/01/2026 20/05/2019 03/12/2013 Magisterial